Statistics for NASCAR 2021 Drivers

Click here to take the quiz!

General Stats

  • This quiz has been taken 7 times
  • The average score is 17 of 62

Answer Stats

HintAnswer% Correct
9Chase Elliott
80%
3Austin Dillon
60%
2Brad Keselowski
60%
14Chase Briscoe
60%
17Chris Buescher
60%
51Cody Ware
60%
22Joey Logano
60%
1Kurt Busch
60%
18Kyle Busch
60%
5Kyle Larson
60%
19Martin Truex Jr.
60%
47Ricky Stenhouse Jr.
60%
37Ryan Preece
60%
24William Byron
60%
10Aric Almirola
40%
23Bubba Wallace
40%
20Christopher Bell
40%
99Daniel Suarez
40%
36David Ragan
40%
11Denny Hamlin
40%
43Eric Jones
40%
4Kevin Harvick
40%
34Michael Mcdowell
40%
42Ross Chastain
40%
12Ryan Blaney
40%
6Ryan Newman
40%
8Tyler Reddick
40%
16A.J. Allmendinger
20%
48Alex Bowman
20%
33Austin Cindric
20%
78B.J. Mcleod
20%
66Chad Finchum
20%
41Cole Custer
20%
7Corey Lajoie
20%
96*Harrison Burton
20%
77Jamie Mcmurray
20%
7*Josh Berry
20%
96Landon Cassill
20%
21Matt Dibenedetto
20%
62Noah Gragson
20%
00Quinn Houff
20%
78*Andy Lally
0%
38Anthony Alfredo
0%
15*Bayley Currey
0%
77*Ben Rhodes
0%
15*Chris Windom
0%
13David Starr
0%
15*Derrike Cope
0%
15*Garrett Smithley
0%
52Joey Hand
0%
77*Justin Allgiar
0%
16Kaz Grala
0%
78*Kyle Tilley
0%
55Matt Mills
0%
66*Mike Mallar
0%
96*Parker Kilggerman
0%
15*RC Enerson
0%
15*Ryan Ellis
0%
53Ryan Eversley
0%
78*Scott Heckert
0%
78*Shane Golobic
0%
77*Steward Friesen
0%

Score Distribution

Percentile by Number Answered

Percent of People with Each Score

Your Score History

You have not taken this quiz